<?xml version="1.0" encoding="UTF-8"?><?xml-stylesheet type="text/xsl" href="static/style.xsl"?><OAI-PMH xmlns="http://www.openarchives.org/OAI/2.0/" xmlns:xsi="http://www.w3.org/2001/XMLSchema-instance" xsi:schemaLocation="http://www.openarchives.org/OAI/2.0/ http://www.openarchives.org/OAI/2.0/OAI-PMH.xsd"><responseDate>2026-04-14T02:58:15Z</responseDate><request verb="GetRecord" identifier="oai:www.recercat.cat:2072/318989" metadataPrefix="marc">https://recercat.cat/oai/request</request><GetRecord><record><header><identifier>oai:recercat.cat:2072/318989</identifier><datestamp>2024-12-13T09:08:21Z</datestamp><setSpec>com_2072_63435</setSpec><setSpec>com_2072_63434</setSpec><setSpec>com_2072_63412</setSpec><setSpec>com_2072_2015</setSpec><setSpec>col_2072_63436</setSpec></header><metadata><record xmlns="http://www.loc.gov/MARC21/slim" xmlns:dcterms="http://purl.org/dc/terms/" xmlns:xsi="http://www.w3.org/2001/XMLSchema-instance" xmlns:doc="http://www.lyncode.com/xoai" xsi:schemaLocation="http://www.loc.gov/MARC21/slim http://www.loc.gov/standards/marcxml/schema/MARC21slim.xsd">
   <leader>00925njm 22002777a 4500</leader>
   <datafield ind2=" " ind1=" " tag="042">
      <subfield code="a">dc</subfield>
   </datafield>
   <datafield ind2=" " ind1=" " tag="720">
      <subfield code="a">Tomé Puerta, Noemí</subfield>
      <subfield code="e">author</subfield>
   </datafield>
   <datafield ind2=" " ind1=" " tag="520">
      <subfield code="a">En aquest treball fi de grau s'analitza qui és la persona sorda signant, el desconeixement que hi ha al Grau d'Educació Social a la UOC al respecte, i perque és important incorporar l'epistemologia dels sords. Reivindico la presència de l'educador social en aquestes pràctiques i espais, que fins al moment han estat reservades a professions més mèdiques i rehabilitadores. Però per a reivindicar la nostra presència, i complir amb el nostre compromís ètic, pedagògic i polític envers la persona sorda, cal que l'educador social incorpori coneixement sobre la comunitat sorda i competència en la llengua de signes.</subfield>
   </datafield>
   <datafield ind2=" " ind1=" " tag="520">
      <subfield code="a">En este trabajo fin de grado se analiza quién es la persona sorda firmante, el desconocimiento que hay en el Grado de Educación Social en la UOC al respecto, y porque es importante incorporar la epistemología de los sordos. Reivindico la presencia del educador social en estas prácticas y espacios, que hasta el momento han sido reservadas a profesiones más médicas y rehabilitadoras. Pero para reivindicar nuestra presencia, y cumplir con nuestro compromiso ético, pedagógico y político para con la persona sorda, es necesario que el educador social incorpore conocimiento sobre la comunidad sorda y competencia en la lengua de signos.</subfield>
   </datafield>
   <datafield ind2=" " ind1=" " tag="520">
      <subfield code="a">This bachelor¿s thesis analyzes the identity of the signer, the lack of knowledge by the Bachelor¿s degree of Social Education at UOC on the matter, as well as the importance of why the epistemology of deaf people should be taken into account and incorporated. We defend the presence of social educators in these practices and spaces, whom until this moment have been kept to the medical and rehabilitative area of the professional spectrum. Nevertheless, to defend the presence of said social educators, and to meet their ethical, pedagogical and political compromises towards deaf people, it is much needed that they incorporate their specialized knowledge about the deaf community as well as their expertise in sign language.</subfield>
   </datafield>
   <datafield ind1="8" ind2=" " tag="024">
      <subfield code="a">http://hdl.handle.net/10609/77065</subfield>
   </datafield>
   <datafield tag="653" ind2=" " ind1=" ">
      <subfield code="a">educació social</subfield>
   </datafield>
   <datafield tag="653" ind2=" " ind1=" ">
      <subfield code="a">llengua de signes</subfield>
   </datafield>
   <datafield tag="653" ind2=" " ind1=" ">
      <subfield code="a">diversitat cultural</subfield>
   </datafield>
   <datafield tag="653" ind2=" " ind1=" ">
      <subfield code="a">persones sordes</subfield>
   </datafield>
   <datafield tag="653" ind2=" " ind1=" ">
      <subfield code="a">personas sordas</subfield>
   </datafield>
   <datafield tag="653" ind2=" " ind1=" ">
      <subfield code="a">lengua de signos</subfield>
   </datafield>
   <datafield tag="653" ind2=" " ind1=" ">
      <subfield code="a">educación social</subfield>
   </datafield>
   <datafield tag="653" ind2=" " ind1=" ">
      <subfield code="a">social education</subfield>
   </datafield>
   <datafield tag="653" ind2=" " ind1=" ">
      <subfield code="a">sign language</subfield>
   </datafield>
   <datafield tag="653" ind2=" " ind1=" ">
      <subfield code="a">deaf people</subfield>
   </datafield>
   <datafield tag="653" ind2=" " ind1=" ">
      <subfield code="a">Social education -- TFG</subfield>
   </datafield>
   <datafield tag="653" ind2=" " ind1=" ">
      <subfield code="a">Educació social -- TFG</subfield>
   </datafield>
   <datafield tag="653" ind2=" " ind1=" ">
      <subfield code="a">Educación social -- TFG</subfield>
   </datafield>
   <datafield ind2="0" ind1="0" tag="245">
      <subfield code="a">La llengua de signes: una eina pedagògica i política per a descobrir, al servei de l'educador social</subfield>
   </datafield>
</record></metadata></record></GetRecord></OAI-PMH>